Aktivity za bezpečný internet pre deti a mládež

Gespeichert in:
Bibliographische Detailangaben
1. Verfasser: Ondrejková, Anna
Format: Buchkapitel
Sprache:Slowakisch
Tags: Tag hinzufügen
Keine Tags, Fügen Sie das erste Tag hinzu!

MARC

LEADER 00000nla$a2200000$$$4500
001 0057539
005 20240502071641.2
041 0 |a slo 
044 |a SK 
245 1 0 |a Aktivity za bezpečný internet pre deti a mládež  |c Anna Ondrejková 
500 |a Prezentácia 
100 1 |a Ondrejková, Anna